Los refugiados españoles y la cultura mexicana : actas de las primeras jornadas, celebradas en la Residencia de Estudiantes en noviembre de 1994 /

Bibliographic Details
Corporate Authors: JSTOR (Organization), Residencia de Estudiantes (Madrid, Spain)
Other Authors: Abellán, José Luis
Format: eBook
Language:Spanish
Published: Madrid : Amigos de la Residencia de Estudiantes, 1998
Edition:Primera edición
Series:Publicaciones de la Residencia de Estudiantes.
Subjects:
Online Access:Connect to the full text of this electronic book

MARC

Tag First Indicator Second Indicator Subfields
LEADER 00000cam a2200000 i 4500
001 in00004635583
006 m o d
007 cr cnu---unuuu
008 180926s1998 sp ob 101 0dspa c
005 20230103223509.6
035 |a (OCoLC)on1054245882 
040 |a JSTOR  |b eng  |e rda  |e pn  |c JSTOR  |d OCLCO  |d ICN  |d LOA  |d OCLCA  |d U3W  |d OCLCQ  |d OCLCO  |d SOI  |d OCL  |d ERL  |d OCL  |d P@U  |d OCLCE  |d SFB  |d NOC  |d LVT  |d OCLCO  |d OCLCQ 
019 |a 1179495137  |a 1229867497 
020 |a 9788492108893  |q (electronic bk.) 
020 |a 8492108894  |q (electronic bk.) 
020 |z 8492108894 
020 |z 9788492108893 
035 |a (OCoLC)1054245882  |z (OCoLC)1179495137  |z (OCoLC)1229867497 
037 |a 22573/ctv3dr02w  |b JSTOR 
042 |a pcc  |a dlr 
043 |a n-mx---  |a e-sp--- 
045 |a x0x7 
050 4 |a F1392.S7  |b R38 1994eb 
082 0 4 |a 325.246  |2 23 
084 |a 15.85  |2 bcl 
084 |a IQ 12007  |2 rvk 
084 |a NQ 3645  |2 rvk 
049 |a TXAM 
245 0 4 |a Los refugiados españoles y la cultura mexicana :  |b actas de las primeras jornadas, celebradas en la Residencia de Estudiantes en noviembre de 1994 /  |c José Luis Abellán, Juan Marichal, Rafael Segovia, Arturo Souto, Javier Garciadiego, Franscisco Gil Villegas, Josep Lluis Barona, Juan Manuel Díaz de Guereñu, Andrés Lira 
250 |a Primera edición 
264 1 |a Madrid :  |b Amigos de la Residencia de Estudiantes,  |c 1998 
300 |a 1 online resource (160 pages) 
336 |a text  |b txt  |2 rdacontent 
337 |a computer  |b c  |2 rdamedia 
338 |a online resource  |b cr  |2 rdacarrier 
347 |a data file 
490 1 |a Publicaciones de la Residencia de Estudiantes 
504 |a Includes bibliographical references and index 
505 0 |a México y el exilio español / José Luis Abellán -- Recuerdo de mascarones / Juan Marichal -- La difícil socialización del exilio / Rafael Segovia -- Poetas y pintores en La Casa de España y su imágen de México / Arturo Souto Alabarce -- Alfonso Reyes en España / Javier Garciadiego -- La influencia de Ortega en México / Franscisco Gil Villegas -- Los científicos españoles exiliados en México / Josep Lluis Barona -- Del llanto a la quimera: Juan Larrea en la fundación de Cuadernos americanos / Juan Manuel Díaz de Guereñu -- Cuatro historiadores / Andrés Lira 
588 0 |a Print version record 
538 |a Master and use copy. Digital master created according to Benchmark for Faithful Digital Reproductions of Monographs and Serials, Version 1. Digital Library Federation, December 2002.  |u http://purl.oclc.org/DLF/benchrepro0212  |5 MiAaHDL 
583 1 |a digitized  |c 2020.  |h HathiTrust Digital Library  |l committed to preserve  |2 pda  |5 MiAaHDL 
650 0 |a Spaniards  |z Mexico  |x Intellectual life  |y 20th century  |v Congresses. 
651 0 |a Mexico  |x Intellectual life  |y 20th century  |v Congresses. 
651 0 |a Spain  |x History  |y Civil War, 1936-1939  |x Refugees  |v Congresses. 
650 0 |a Political refugees  |z Spain  |v Congresses. 
650 0 |a Political refugees  |z Mexico  |v Congresses. 
651 0 |a Mexico  |x Civilization  |x Spanish influences  |v Congresses. 
650 6 |a Espagnols  |z Mexique  |x Vie intellectuelle  |y 20e siècle  |v Congrès. 
651 6 |a Espagne  |x Histoire  |y 1936-1939 (Guerre civile)  |x Réfugiés  |v Congrès. 
651 6 |a Mexique  |x Civilisation  |x Influence espagnole  |v Congrès. 
650 7 |a 15.85 history of America.  |0 (NL-LeOCL)07761190X  |2 bcl 
650 7 |a Civilization  |x Spanish influences.  |2 fast  |0 (OCoLC)fst01352405 
650 7 |a Intellectual life.  |2 fast  |0 (OCoLC)fst00975769 
650 7 |a Political refugees.  |2 fast  |0 (OCoLC)fst01069678 
650 7 |a Refugees.  |2 fast  |0 (OCoLC)fst01092797 
650 7 |a Spaniards  |x Intellectual life.  |2 fast  |0 (OCoLC)fst01128165 
651 7 |a Mexico.  |2 fast  |0 (OCoLC)fst01211700 
651 7 |a Spain.  |2 fast  |0 (OCoLC)fst01204303 
650 7 |a Exil  |2 gnd 
650 7 |a Spanier  |2 gnd 
651 7 |a Mexiko  |2 gnd 
650 1 7 |a Politieke vluchtelingen.  |2 gtt 
650 1 7 |a Spanjaarden.  |2 gtt 
650 1 7 |a Cultuur.  |2 gtt 
650 7 |a Espagnols  |z Mexique  |x Vie intellectuelle  |y 20e siècle  |x Congrès.  |2 ram 
650 7 |a Réfugiés politiques  |z Espagne  |x Congrès.  |2 ram 
650 7 |a Réfugiés politiques  |z Mexique  |x Congrès.  |2 ram 
650 7 |a Réfugiés espagnols  |z Mexique  |x Histoire  |y 1900-1945.  |2 ram 
650 7 |a Immigrés  |z Mexique  |x Histoire  |y 20e siècle.  |2 ram 
650 7 |a Émigration et immigration  |z Mexique.  |2 ram 
651 7 |a Mexique  |x Vie intellectuelle  |y 20e siècle  |x Congrès.  |2 ram 
651 7 |a Mexique  |x Civilisation  |x Influence espagnole  |x Congrès.  |2 ram 
651 7 |a Espagne  |y 1936-1939 (Guerre civile)  |x Réfugiés  |x Congrès.  |2 ram 
651 7 |a Spanier.  |2 swd 
647 7 |a Spanish Civil War  |c (Spain :  |d 1936-1939)  |2 fast  |0 (OCoLC)fst01352321 
648 7 |a 1900-1999  |2 fast 
653 |a España  |a Historia  |a 1939 
653 |a Mexico  |a Historia  |a 1939 
653 |a Refugiados  |a Conferencias, congresos, etc. 
655 7 |a Electronic books.  |2 local 
655 7 |a Conference papers and proceedings.  |2 fast  |0 (OCoLC)fst01423772 
655 7 |a History.  |2 fast  |0 (OCoLC)fst01411628 
655 7 |a Congresses (form)  |0 (NL-LeOCL)088142469  |2 gtt 
700 1 |a Abellán, José Luis. 
710 2 |a JSTOR (Organization) 
710 2 |a Residencia de Estudiantes (Madrid, Spain) 
776 0 8 |i Print version:  |t Refugiados españoles y la cultura mexicana.  |b 1. edition.  |d Madrid : Amigos de la Residencia de Estudiantes, 1998  |z 8492108894  |w (DLC) 98211412  |w (OCoLC)39196222 
830 0 |a Publicaciones de la Residencia de Estudiantes. 
856 4 0 |u https://www.jstor.org/stable/10.2307/j.ctv3dnpt7  |z Connect to the full text of this electronic book  |t 0 
955 |a JSTOR Open Access ebooks 
994 |a 92  |b TXA 
999 f f |s 64329b4c-0db3-4657-ad84-85388991bf65  |i 937820af-b318-4fca-9174-a690dc170e6d  |t 0 
952 f f |a Texas A&M University  |b College Station  |c Electronic Resources  |d Available Online  |t 0  |e F1392.S7 R38 1994eb  |h Library of Congress classification 
998 f f |a F1392.S7 R38 1994eb  |t 0  |l Available Online